| 000 | 04507nam a2200409 i 4500 | ||
|---|---|---|---|
| 003 | EG-GICUC | ||
| 005 | 20260203134035.0 | ||
| 008 | 260203s2025 ua |||f m||| 00| 0 ara d | ||
| 040 |
_aEG-GICUC _cEG-GICUC _dEG-GICUC _erda _bara |
||
| 041 | 0 | _aara | |
| 049 | _aإهداء | ||
| 082 | 0 | 4 |
_a347.6062 _221 |
| 097 | _aPh.D | ||
| 099 | _aLaw 05 PHD 2025 | ||
| 100 | 0 |
_aأحمد السيد الحديدي _eمؤلف. |
|
| 245 | 1 | 0 |
_aالمسؤولية القانونية للبنوك في عقد القرض المشترك / _cإعداد أحمد السيد الحديدي؛ إشراف الأستاذ الدكتور خليل فيكتور تادرس. |
| 264 | 0 |
_aالقاهرة: _bكلية الحقوق- جامعة القاهرة، _c2025. |
|
| 300 |
_a443 صفحة؛ _c25 سم. |
||
| 336 |
_atext _2rda content |
||
| 337 |
_aComputer _2rda media |
||
| 338 |
_aOnline Resource _2rda carrier |
||
| 500 | _aرسائل نسخة منفردة | ||
| 502 | _a أطروحة (دكتوراة)- جامعة القاهرة، كلية الحقوق، قسم القانون التجاري، 2025. | ||
| 504 | _aببليوجرافيا: صفحات 284-300 | ||
| 520 | 3 | _aإن القرض المشترك هو قرض تقدمه مجموعة من المقرضين ويتم تنظيمه وترتيبه وإدارته بواسطة مصرف أو عدة مصارف تجارية أو مصارف استثمارية تعرف باسم المنظمين الرائدين. ويمثل عقد القرض المشترك أحد أهم الآليات التمويلية المعاصرة، التي تلجأ إليها الشركات الكبرى والحكومات لتمويل المشاريع الضخمة التي تفوق القدرة الإقراضية لبنك واحد، ويقوم هذا العقد على تحالف بين مجموعة من البنوك الدائنة، يمثلها غالباً البنك الوكيل أو المنظم، وبين المقترض ، وقد أدى التوسع الهائل في استخدام هذه العقود في الأسواق المالية العالمية والإقليمية إلى ظهور تحديات قانونية جديدة، لا سيما فيما يتعلق بتحديد وتقسيم المسؤولية القانونية بين البنوك الأعضاء وعلى الصعيد العالمي، هناك أنواع ثلاثة من ضمانات السندات للقروض المشتركة: صفقة الاكتتاب، والقرض المشترك لأفضل الجهود المبذولة، وصفقة النادي. يتكون سوق القروض المشتركة ذات الرفع الأوروبي بشكل شبه حصري من صفقات الاكتتاب، في حين أن سوق الولايات المتحدة يتكون في معظمه من قروض أفضل الجهود. وعليه، فإن عملية الإقراض المشترك تتضمن ثلاثة أطراف رئيسية، وهي المنظم، الوكيل، والوصي، تعتمد هذه الأطراف على مفهومين قانونيين أساسيين للتغلب على تحديات الإقراض الكبير، وهما الوكالة والائتمان. وقد أوضحنا ذلك من خلال الرسالة على النحو التالي: الباب الأول: المسؤولية القانونية للبنوك في مرحلة ما قبل إبرام العقد؛ وذلك من خلال فصلين، الفصل الأول : مرحلة الوعد بالتعاقد والاتفاق المبدئي الفصل الثاني: مرحلة إعداد عقد القرض المشترك. الباب الثاني: المسؤولية القانونية للبنوك في مرحلة ما بعد إبرام العقد؛ وذلك من خلال فصلين، الفصل الأول: مسؤولية البنك الوكيل الفصل الثاني مسؤولية البنوك المشاركة. | |
| 650 | 0 | 4 | _aالقانون التجاري |
| 650 | 0 | 4 | _aالقرض المشترك |
| 650 | 0 | 4 | _aالآليات التمويلية |
| 653 | 0 | _a. | |
| 655 | 4 |
_aرسائل جامعية _zجامعة القاهرة _xالقانون التجاري |
|
| 700 | 0 |
_aخليل فيكتور تادرس _eمشرف. |
|
| 710 | 2 |
_aجامعة القاهرة. _bكلية الحقوق |
|
| 856 | _uhttps://fll.law.cu.edu.eg/fulltext/th/T05-02799.pdf | ||
| 900 |
_b2025 _Uجامعة القاهرة _Fكلية الحقوق _Dقسم القانون التجاري |
||
| 905 | _a64 | ||
| 942 |
_2ddc _cTH _e21 _n0 |
||
| 999 | _c60569 | ||